000 00465nam a2200145Ia 4500
008 230917s9999||||xx |||||||||||||| ||und||
040 _e97314
_aMAIN
041 _aEnglish
082 _a412 K25F
100 _aKeenan, Edward L, ed
245 0 _aSemantics of natural language: papers from a colloquium sponsored by the kings college of research centre, Cambridge
260 _aCambridge
_bCambridge University Press
_c1975
300 _axiii, 475 p.
942 _cBK
999 _c216962
_d216962